Central Library OPAC University of Rajshahi

Education and the working class : (Record no. 50696)

MARC details
000 -LEADER
fixed length control field 01038nam a2200277 a 4500
001 - CONTROL NUMBER
control field 50696
003 - CONTROL NUMBER IDENTIFIER
rucl marc code BD-RjUL
005 - DATE AND TIME OF LATEST TRANSACTION
control field 20211209075541.0
008 - FIXED-LENGTH DATA ELEMENTS--GENERAL INFORMATION
fixed length control field 160828s1965 enk 1 0 eng d
035 ## - SYSTEM CONTROL NUMBER
System control number (BD-RjUL) 50816
040 ## - CATALOGING SOURCE
Original cataloging agency NUN
Language of cataloging eng
Transcribing agency NUN
Modifying agency BD-RjUL
041 ## - LANGUAGE CODE
Language code of text/sound track or separate title eng
082 04 - DEWEY DECIMAL CLASSIFICATION NUMBER
Classification number 371.96
Edition number 23
Author mark and year JAE 1965
100 10 - MAIN ENTRY--PERSONAL NAME
Personal name Jackson, Brian
9 (RLIN) 151784
245 10 - TITLE STATEMENT
Title Education and the working class :
Remainder of title some general themes raised by a study of 88 working-class children in a northern industrial city /
Statement of responsibility, etc. by Brian Jackson and Dennis Marsden.
260 ## - PUBLICATION, DISTRIBUTION, ETC. (IMPRINT)
Place of publication, distribution, etc. London :
Name of publisher, distributor, etc. Routledge,
Date of publication, distribution, etc. 1962 [impression 1965]
300 ## - PHYSICAL DESCRIPTION
Pagination ix, 268 p. ;
Size 24 cm.
500 ## - GENERAL NOTE
General note include index
650 #0 - SUBJECT ADDED ENTRY--TOPICAL TERM
Topical term or geographic name as entry element Working class
Geographic subdivision Great Britain.
9 (RLIN) 128289
Topical term or geographic name as entry element Education
Geographic subdivision Great Britain.
9 (RLIN) 151786
651 #0 - SUBJECT ADDED ENTRY--GEOGRAPHIC NAME
Geographic name Great Britain
General subdivision Economic conditions
Chronological subdivision 20th century.
9 (RLIN) 131879
700 1# - ADDED ENTRY--PERSONAL NAME
Personal name Marsden, Dennis.
856 ## - ELECTRONIC LOCATION AND ACCESS
Materials specified Reports of the Institute of Community Studies
942 ## - ADDED ENTRY ELEMENTS (KOHA)
Source of classification or shelving scheme Dewey Decimal Classification
Koha item type Books
Holdings
Lost status Source of classification or shelving scheme Damaged status Not for loan Collection code Permanent Location Current Location Shelving location Date acquired Source of acquisition Cost, normal purchase price Total Checkouts Full call number Date last seen Copy number Koha item type
  Dewey Decimal Classification     Non-fiction Central Library, University of Rajshahi Central Library, University of Rajshahi     Swets & zeitlinger 32.00   371.96 JAE 1965 28/08/2016 C-2 Books